| 000 | 00575nam a2200205Ia 4500 | ||
|---|---|---|---|
| 003 | OSt | ||
| 005 | 20250808145426.0 | ||
| 008 | 210210b1984 xxu||||| |||| 00| 0 eng d | ||
| 040 | _cAL | ||
| 041 | _aKannada | ||
| 082 | _aK894.9 CHEM | ||
| 100 |
_aCHENNAVIRA KANAVI. _9234724 _dಚೆನ್ನವೀರ ಕಣವಿ |
||
| 245 |
_aMadhura Chenna. _bಮಧುರಚೆನ್ನ |
||
| 260 |
_aBengaluru _bKarnataka Sahitya Akademi _c1984 |
||
| 300 | _avi,58 | ||
| 650 |
_aChennamallappa _9234725 |
||
| 690 |
_aKannada Poetry _9234726 |
||
| 906 | _aSG04212 | ||
| 942 |
_2ddc _cBK |
||
| 999 |
_c114903 _d114903 |
||